Top 20 Words Starting With TH - Statistics

General Stats
  • This quiz has been taken 972 times
  • The average score is 15 of 20
Answer Stats
rank letters word % Correct
1 3 the
100%
2 4 that
95%
4 4 this
91%
5 5 there
89%
13 4 than
88%
8 4 them
88%
9 4 then
88%
17 6 though
87%
3 4 they
83%
6 5 their
82%
7 5 think
80%
14 5 those
77%
11 5 these
76%
16 7 thought
74%
15 7 through
66%
20 5 thank
65%
10 5 three
56%
12 5 thing
49%
18 6 theory
22%
19 8 thousand
16%
No matching quizzes found
Score Distribution
Percent of People with Each Score
Percentile by Number Answered
Your Score History
You have not taken this quiz